| 000 | 00000nas##2200000za#4500 |
| 001 | 9.508648 |
| 003 | CaOODSP |
| 005 | 20220621120021 |
| 007 | ta |
| 008 | 150406c1991||||xxc|| p #||||f| |0eng|d |
| 022 | |a0821-0012 |
| 040 | |aCaOODSP|beng |
| 041 | |aeng |
| 041 | |afre |
| 043 | |an-cn--- |
| 086 | 1 |aRG36-4 |
| 110 | 1 |aCanada. |bBureau of Corporate Affairs. |
| 245 | 10|aInsolvency bulletin / |cIssued by the Office of the Superintendent of Bankruptcy. |
| 260 | |aOttawa - Ontario : |bIndustry Canada. |
| 310 | |aQuarterly |
| 500 | |aContinued by: OSB newsletter (ISSN 1705-5237). |
| 563 | |aSoftcover |
| 776 | 0#|tBulletin sur l'insolvabilité |w(CaOODSP)9.500444 |
| 776 | 0#|tBulletin sur l'insolvabilité.|w(CaOODSP)9.502065 |
| 776 | 0#|tInsolvency bulletin |w(CaOODSP)9.505664 |
| 785 | 00|tOSB newsletter |w(CaOODSP)9.510898 |
| 792 | |tBulletin sur l'insolvabilité / |efre|w(CaOODSP)9.508649 |